| 000 | 00731nam a22002057a 4500 | ||
|---|---|---|---|
| 005 | 20251108164958.0 | ||
| 008 | 250721s1975 xx 000 0 ara d | ||
| 082 | 1 | 4 | _a214.1/صنع |
| 100 | 1 | _aالصنعاني، محمد بن إسماعيل الأمير | |
| 245 | 1 | 0 | _aتطهير الإعتقاد عن أدران الإلحاد / |
| 264 | 1 |
_aالمدينه المنوره : _bالجامعه الإسلاميه، _c1975. |
|
| 300 | _a54ص | ||
| 490 | 0 | _aمطبوعات الجامعه الإسلاميه ؛19 | |
| 650 | 1 | 7 | _aالإسلام |
| 650 | 1 | 7 | _aأصول الدين الإسلامي |
| 650 | 1 | 7 | _aالتوحيد |
| 700 | 1 |
_aخفاجي، محمد عبد المنعم _eشرح |
|
| 942 |
_2ddc _cBK |
||
| 999 |
_c18943 _d18943 |
||